000 nam a22 7a 4500
999 _c15595
_d15595
008 161102b xxu||||| |||| 00| 0 eng d
020 _a0669471666
050 _aPE 1112 .W765 2000
100 _aSabranek,Patrick
245 _aWriter's express. Teacher's guide :
_ba handbook for young writers, thinkers, and learners/
_cPatrick Sebranek , Dave Kemper and Verne Meyer
260 _aWilmington, Mass. :
_bGreat Source Education Group,
_cc2000
300 _aiii, 268p. :
_bill. ;
_c28cm
500 _aIncludes index.
650 _aLanguage arts (Elementary )
650 _aEnglish language
_xWriting
_ystudy and teaching
650 _aEnglish language
_xcomposition and exercises
_ystudy and teaching
700 _aKemper,Dave
700 _aVerne Meyer
942 _2lcc
_cBOOKS
_hPE 1112 .W765 2000